000 00450nam a2200169Ia 4500
005 20250508161749.0
008 008 250505s9999 xx 000 0 eng d
037 _aTextual
040 _aFEDL
_beng
_cFEDL
041 _aeng
_2eng
084 _a378.54, IND
_qFEDL
245 0 _aEducation in University in India 1961-62
300 _a137p.
650 _aHigher education
942 _cTEXL
_h378.54, IND
999 _c1372025
_d1372025